Анализ пожарной безопасности предприятий автомобильного сервиса; Прогрессивные технологии и экономика в машиностроении

Bibliografiske detaljer
Parent link:Прогрессивные технологии и экономика в машиностроении.— 2021.— [С. 98-100]
Hovedforfatter: Першечкин В. А.
Institution som forfatter: Национальный исследовательский Томский политехнический университет Юргинский технологический институт
Andre forfattere: Деменкова Л. Г. Лариса Геннадьевна (научный руководитель)
Summary:Заглавие с экрана
В статье проанализирована система пожарной безопасности в автоцентре "Автомикс" в г. Кемерово. Предложены мероприятия, направленные на повышение уровня пожарной безопасности исследуемого предприятия.
The article analyzes the fire safety system at the avtotsentr "Avtomiks" in Kemerovo. The measures aimed at improving the level of fire safety of the studied enterprise are proposed.
Sprog:russisk
Udgivet: 2021
Serier:Экология, безопасность и охрана труда на предприятии
Fag:
Online adgang:http://earchive.tpu.ru/handle/11683/65266
Format: Electronisk Book Chapter
KOHA link:https://koha.lib.tpu.ru/cgi-bin/koha/opac-detail.pl?biblionumber=632753

MARC

LEADER 00000naa2a2200000 4500
001 632753
005 20231220113404.0
035 |a (RuTPU)RU\TPU\conf\34475 
035 |a RU\TPU\conf\34464 
090 |a 632753 
100 |a 20210426d2021 k y0rusy50 ca 
101 0 |a rus 
102 |a RU 
105 |a y z 101zy 
135 |a drgn ---uucaa 
181 0 |a i  
182 0 |a b 
200 1 |a Анализ пожарной безопасности предприятий автомобильного сервиса  |f В. А. Першечкин  |g науч. рук. Л. Г. Деменкова 
203 |a Текст  |c электронный 
225 1 |a Экология, безопасность и охрана труда на предприятии 
300 |a Заглавие с экрана 
320 |a [Библиогр.: с. 100 (3 назв.)] 
330 |a В статье проанализирована система пожарной безопасности в автоцентре "Автомикс" в г. Кемерово. Предложены мероприятия, направленные на повышение уровня пожарной безопасности исследуемого предприятия. 
330 |a The article analyzes the fire safety system at the avtotsentr "Avtomiks" in Kemerovo. The measures aimed at improving the level of fire safety of the studied enterprise are proposed. 
463 0 |0 (RuTPU)RU\TPU\conf\34439  |t Прогрессивные технологии и экономика в машиностроении  |o сборник трудов XII Всероссийской научно-практической конференции для студентов и учащейся молодежи, 8-10 апреля 2021 г., Юрга  |f Национальный исследовательский Томский политехнический университет (ТПУ), Юргинский технологический институт (ЮТИ) ; под ред. С. А. Солодского  |v [С. 98-100]  |d 2021 
610 1 |a электронный ресурс 
610 1 |a труды учёных ТПУ 
610 1 |a пожарная безопасность 
610 1 |a автомобильный транспорт 
610 1 |a пожарная сигнализация 
610 1 |a системы оповещения 
610 1 |a car service 
610 1 |a fire danger 
610 1 |a fire 
610 1 |a fire alarm 
610 1 |a warning system 
700 1 |a Першечкин  |b В. А. 
702 1 |a Деменкова  |b Л. Г.  |c специалист в области естествознания  |c старший преподаватель Юргинского технологического института (филиала) Томского политехнического университета  |f 1964-  |g Лариса Геннадьевна  |4 727 
712 0 2 |a Национальный исследовательский Томский политехнический университет  |b Юргинский технологический институт  |c (2009- )  |3 (RuTPU)RU\TPU\col\15903 
801 2 |a RU  |b 63413507  |c 20210512  |g RCR 
856 4 |u http://earchive.tpu.ru/handle/11683/65266 
942 |c BK